Macmillan English dictionary for advanced learners (Record no. 22559)

MARC details
000 -LEADER
fixed length control field 00744nam a2200253#a 4500
001 - CONTROL NUMBER
control field 00968
003 - CONTROL NUMBER IDENTIFIER
control field HDC
007 - PHYSICAL DESCRIPTION FIXED FIELD--GENERAL INFORMATION
fixed length control field ta
008 - FIXED-LENGTH DATA ELEMENTS--GENERAL INFORMATION
fixed length control field 230623s2007 xx 000 0 eng d
020 ## - INTERNATIONAL STANDARD BOOK NUMBER
International Standard Book Number 9780230025462 (hbk.).
040 ## - CATALOGING SOURCE
Original cataloging agency HDC
050 ## - LIBRARY OF CONGRESS CALL NUMBER
Classification number ref PE 1645
Item number .M33 2007 C18
245 #0 - TITLE STATEMENT
Title Macmillan English dictionary for advanced learners
250 ## - EDITION STATEMENT
Edition statement 2nd ed.
264 ## - PRODUCTION, PUBLICATION, DISTRIBUTION, MANUFACTURE, AND COPYRIGHT NOTICE
Place of production, publication, distribution, manufacture Oxford :
Name of producer, publisher, distributor, manufacturer Macmillan Education,
Date of production, publication, distribution, manufacture, or copyright notice 2007.
300 ## - PHYSICAL DESCRIPTION
Extent xi, 1748p. :
Other physical details ill. ;
Dimensions 24 cm. +
Accompanying material 1 CD-ROM (4 3/4 in.)
650 ## - SUBJECT ADDED ENTRY--TOPICAL TERM
Topical term or geographic name entry element English language
Form subdivision Dictionaries.
650 ## - SUBJECT ADDED ENTRY--TOPICAL TERM
Topical term or geographic name entry element English language
General subdivision Idioms
Form subdivision Dictionaries.
650 ## - SUBJECT ADDED ENTRY--TOPICAL TERM
Topical term or geographic name entry element English language
Geographic subdivision United States
Form subdivision Dictionaries.
942 ## - ADDED ENTRY ELEMENTS (KOHA)
Source of classification or shelving scheme Library of Congress Classification
942 ## - ADDED ENTRY ELEMENTS (KOHA)
Koha item type Book
942 ## - ADDED ENTRY ELEMENTS (KOHA)
Call number prefix ref PE 1645
942 ## - ADDED ENTRY ELEMENTS (KOHA)
Call number suffix .M33 2007 C18
Holdings
Withdrawn status Lost status Source of classification or shelving scheme Damaged status Not for loan Collection Home library Current library Shelving location Date acquired Total checkouts Full call number Date last seen Price effective from Koha item type
    Library of Congress Classification     Non-fiction Halal Development Corporation Library Halal Development Corporation Library Reference 17/11/2020   ref PE 1645 .M33 2007 C18 24/05/2023 24/05/2023 Book
Halal Development Corporation Berhad (HDC)
5.02 Level 5, KPMG Tower, First Avenue, Persiaran Bandar Utama, 47800 Petaling Jaya, Selangor Darul Ehsan
Phone: +603 7965 5489 Email: [email protected]